Statistics for Allies of the United States

Click here to take the quiz!

General Stats

  • This quiz has been taken 32 times
  • The average score is 79 of 113

Answer Stats

HintAnswer% Correct
EuropeBelgium
96%
EuropeFrance
96%
EuropeNorway
96%
EuropeUnited Kingdom
96%
EuropeAustria
92%
South AmericaBrazil
92%
EuropeCroatia
92%
EuropeFinland
92%
AsiaIsrael
92%
EuropeNetherlands
92%
EuropePoland
92%
EuropePortugal
92%
EuropeSpain
92%
EuropeSweden
92%
EuropeAlbania
88%
South AmericaArgentina
88%
OceaniaAustralia
88%
EuropeBulgaria
88%
EuropeDenmark
88%
EuropeGreece
88%
AsiaJapan
88%
EuropeRomania
88%
Africa (Part Time)South Africa
88%
Asia (Part Time)Turkey
88%
North AmericaCanada
84%
EuropeCzechia
84%
EuropeEstonia
84%
EuropeGermany
84%
Europe (Part Time)Hungary
84%
EuropeIceland
84%
EuropeIreland
84%
EuropeItaly
84%
North AmericaMexico
84%
AsiaSouth Korea
84%
EuropeAndorra
80%
EuropeLatvia
80%
EuropeLithuania
80%
EuropeLuxembourg
80%
OceaniaNew Zealand
80%
EuropeSlovakia
80%
EuropeSlovenia
80%
AsiaBahrain
76%
South AmericaChile
76%
South AmericaColombia
76%
Africa (Part Time)Egypt
76%
AsiaIndia
76%
AsiaJordan
76%
AsiaKuwait
76%
EuropeMalta
76%
AfricaMorocco
76%
AsiaThailand
76%
Asia (Part Time)Vietnam
76%
North AmericaDominican Republic
72%
North AmericaGuatemala
72%
Asia (Part Time)Indonesia
72%
AfricaNigeria
72%
North AmericaPanama
72%
South AmericaPeru
72%
AsiaSaudi Arabia
72%
EuropeUkraine
72%
AsiaUnited Arab Emirates
72%
North AmericaBahamas
68%
North AmericaCosta Rica
68%
South AmericaEcuador
68%
Asia (Part Time)Pakistan
68%
AsiaPhilippines
68%
AsiaQatar
68%
AsiaTaiwan
68%
South AmericaUruguay
68%
AsiaGeorgia
64%
North AmericaJamaica
64%
EuropeMontenegro
64%
South AmericaParaguay
64%
Asia (Part Time)Armenia
60%
OceaniaFiji
60%
AfricaGhana
60%
South AmericaGuyana
60%
AfricaKenya
60%
EuropeKosovo
60%
AfricaLiberia
60%
EuropeNorth Macedonia
60%
AsiaSingapore
60%
North AmericaBarbados
56%
AsiaBhutan
56%
AfricaBotswana
56%
AfricaChad
56%
AsiaCyprus
56%
Asia (Only parts)Iraq
56%
OceaniaPalau
56%
OceaniaPapua New Guinea
56%
AfricaSenegal
56%
South AmericaSuriname
56%
OceaniaMicronesia
52%
EuropeMoldova
52%
OceaniaSamoa
52%
AfricaTunisia
52%
Asia (Part Time)Bangladesh
48%
AsiaBrunei
48%
Africa (Part Time)Cameroon
48%
AfricaIvory Coast
48%
OceaniaMarshall Islands
48%
AfricaDjibouti
44%
Asia (Only parts)Lebanon
44%
AsiaNepal
44%
AfricaBenin
40%
AfricaGambia
40%
AfricaGuinea-Bissau
40%
Asia (Part Time)Kazakhstan
40%
AfricaSierra Leone
40%
AfricaTogo
40%
Africa (Part Time)Zambia
40%
AfricaCape Verde
36%
Asia (Part Time)Sri Lanka
36%

Score Distribution

Percentile by Number Answered

Percent of People with Each Score

Your Score History

You have not taken this quiz